000 00849nam a22002297a 4500
999 _c12125
_d12125
003 AR-CdUCM
008 190405b ||||| |||| 00| 0 spa d
040 _aMUNICIPALIDAD PROVINCIAL DEL CUSCO
_cBIBLIOTECA MUNICIPAL DEL CUSCO
041 _hita
082 _a144.30 /
_bS75/1945
100 _a Spirito, Ugo
_929816
245 _aEl pragmatismo en la filosofía contemporánea :
_bEnsayo crítico, con apéndice bibliográfico /
260 _aBuenos Aires :
_bLosada,
_c1945.
300 _a212 páginas ;
_c20 cm.
505 _aContenido: Los antecedentes históricos y las teorías del pragmatismo -- Corrientes de pensamiento afines al pragmatismo.
650 _aPragmatismo
_923348
650 _aEnsayos
_9375
650 _aFilosofía
_9395
700 _aOstrov, León (traductor)
_929817
942 _2ddc
_cLIBROS
945 _acmm
_d2019-04-05